000 01554nam a2200325 i 4500
003 EG-GICUC
005 20260121101347.0
008 251126s1984 ua ||||fr|||| 00| 0 ara d
017 _a1983/4742
040 _a EG-GICUC
_bara
_c EG-GICUC
_d EG-GICUC
_erda
041 0 _aara
082 0 4 _221
_a343.421
_bا ل . ق
092 0 4 _221
099 _aLaw1 10 343.421 ا ل . ق 1 ed - 1984
100 0 _aالسيد خلف محمد
_eمؤلف.
245 1 0 _aقضاء المخدرات :
_bوقواعد الضبط والتفتيش وتسبيب الأحكام /
_cالسيد خلف محمد.
250 _aالطبعة الأولى
264 3 _aالقاهرة :
_bدار الطباعة الحديثة،
_c1984.
300 _a381 صفحة ؛
_c24 سم.
336 _2rda content
_atext
337 _2rda media
_aComputer
338 _2rda carrier
_aOnline Resource
500 _aيضمن التعليق على نصوص قانون المخدرات وفقا لآخر التعديلات وقواعد الضبط والتفتيش والتلبس وبطلاب التقليس وأثره وتسبيب الأحكام في جرائم المخدرات وما يشوبها من عيوب في ضوء الفقه وأحكام النقض منی نهاية مارس سنة ۱۹۱۳
546 _aالنص باللغة العربية
650 1 4 _a التشريعات المتعلقة بالمخدرات
650 1 4 _aالقانون الجنائي
856 4 0 _uhttps://fll.law.cu.edu.eg/fulltext/bks/B10-06186.pdf
905 _a77
_eHassnaa
942 _2ddc
_cBK
_e21
_n0
999 _c46162
_d46162